International humanitarian law : (Record no. 592439)

000 -LEADER
fixed length control field 00425nam a22001337a 4500
020 ## - INTERNATIONAL STANDARD BOOK NUMBER
International Standard Book Number 9781839100482
082 ## - DEWEY DECIMAL CLASSIFICATION NUMBER
Classification number 341.67
Author Mark SAS
100 ## - MAIN ENTRY--PERSONAL NAME
Personal name Sassòli, Marco
245 ## - TITLE STATEMENT
Title International humanitarian law :
Remainder of title rules, controversies, and solutions to problems arising in warfare /
Statement of responsibility, etc. Marco Sassòli
260 ## - PUBLICATION, DISTRIBUTION, ETC.
Place of publication, distribution, etc. United Kingdom :
Name of publisher, distributor, etc. Edward Elgers,
Date of publication, distribution, etc. 2019.
300 ## - PHYSICAL DESCRIPTION
Extent 656 p. ;
Dimensions 24 cm.
563 ## - BINDING INFORMATION
Binding note PBK.
942 ## - ADDED ENTRY ELEMENTS (KOHA)
Source of classification or shelving scheme
Koha item type Book
Holdings
Withdrawn status Lost status Source of classification or shelving scheme Damaged status Not for loan Permanent Location Current Location Shelving location Date acquired Source of acquisition Total Checkouts Full call number Barcode Date last seen Date last checked out Price effective from Koha item type
          NUST Law School (NLS) NUST Law School (NLS) Law 11/20/2022 Multi Line Books 3 341.67 SAS CL-1382 01/28/2025 09/18/2024 11/20/2022 Book
© 2023 Central Library, National University of Sciences and Technology. All Rights Reserved.